| 000 | 01435nam a22003375a 4500 | ||
|---|---|---|---|
| 999 |
_c27692 _d27663 |
||
| 003 | EG-ScBUE | ||
| 005 | 20191020112406.0 | ||
| 008 | 191020s2006 ua a f b 000 0 ara d | ||
| 017 | _a200 / 3489 | ||
| 020 | _a911403021 | ||
| 040 |
_aEG-ScBUE _beng _erda _cEG-ScBUE _dEG-ScBUE |
||
| 043 | _aa-cc--- | ||
| 082 | 0 | 4 |
_a338.951 _bص ع و _222 |
| 245 | 0 | 2 |
_aالصعود الصيني / _cتحرير أ. د. هدى ميتكيس، خديجة عرفة محمد. |
| 246 | 3 | 4 | _aRise of China |
| 264 | 1 |
_aالجيزة، مصر : _bمركز الدراسات الآسيوية، كلية الاقتصاد والعلوم السياسية، جامعة القاهرة، _c2006. |
|
| 300 |
_a359 صفحة : _bإيضاحيات ؛ _c24 سم |
||
| 336 |
_2rdacontent _aنص _btxt |
||
| 337 |
_2rdamedia _aبدون وسيط _bn |
||
| 338 |
_2rdacarrier _aمجلد _bnc |
||
| 504 | _aيشتمل على إرجاعات ببليوجرافية. | ||
| 541 |
_aDr. Gamal Selim ; _cDonation ; |
||
| 650 | 7 |
_aالتنمية الاقتصادية _zآسيا. _2BUEsh |
|
| 651 | 7 |
_aالصين _xأحوال اقتصادية _yقرن 20. _2BUEsh |
|
| 651 | 7 |
_aالصين _xسياسة وحكومة _yقرن 20. _2BUEsh |
|
| 651 | 7 |
_aالصين _xأحوال اجتماعية _yقرن 20. _2BUEsh |
|
| 653 |
_bBUSBOL _bMASPPSS _cOctober2019 |
||
| 700 | 1 |
_aميتكيس، هدى، _eمحرر. |
|
| 700 | 1 |
_aمحمد، خديجة عرفة، _eمحرر. |
|
| 942 | _2ddc | ||